[Event "Catalunya-chT Gp1"]
[Site "Barcelona"]
[Date "2024.01.20"]
[Round "1.1"]
[White "Gonzalez Garcia, Jose"]
[Black "Pablo Marin, Alejandro"]
[Result "1-0"]
[WhiteElo "2451"]
[BlackElo "2339"]
[PlyCount "73"]
[EventDate "2024.01.20"]
[EventType "team-tourn"]
[EventRounds "7"]
[EventCountry "ESP"]
[SourceTitle "CB06_2024"]
[SourceDate "2024.02.07"]
[SourceVersion "1"]
[SourceVersionDate "2024.02.07"]
[SourceQuality "1"]
[WhiteTeam "Ateneu Colon"]
[BlackTeam "Terrassa"]
[WhiteTeamCountry "ESP"]
[BlackTeamCountry "ESP"]

1. d4 Nf6 2. c4 e6 3. Nc3 Bb4 4. Nf3 c5 5. g3 d5 6. cxd5 Nxd5 7. Bd2 cxd4 8. Nxd5 Bxd2+ 9. Qxd2 Qxd5 10. Qxd4 Qxd4 11. Nxd4 Bd7 12. Bg2 Nc6 13. Nxc6 Bxc6 14. Bxc6+ bxc6 15. Rc1 Kd7 16. 0-0 Rab8 17. Rc2 Rhd8 18. Rfc1 Rb6 19. f4 Kc7 20. Kf2 Kb7 21. b3 Rd6 22. e4 Rd7 23. Ke3 Rd6 24. g4 Rb4 25. Rc4 Rb6 26. h4 f6 27. g5 e5 28. fxe5 fxe5 29. Rf1 Rd7 30. h5 Kc7 31. Ra4 Rb7 32. Ra5 Re7 33. Rf8 Kd6 34. Rh8 g6 35. h6 Rf7 36. Rd8+ Rbd7 37. Rxa7 1-0

[Event "Catalunya-chT Gp1"]
[Site "Barcelona"]
[Date "2023.01.21"]
[Round "?"]
[White "Almeida Toledano, Daniel"]
[Black "Gonzalez Garcia, Jose"]
[Result "1/2-1/2"]
[WhiteElo "2298"]
[BlackElo "2458"]
[PlyCount "72"]
[EventDate "2023.01.21"]
[EventType "team-tourn"]
[EventRounds "7"]
[EventCountry "ESP"]
[SourceTitle "CBM 212 Extra"]
[Source "ChessBase"]
[SourceDate "2023.03.31"]
[SourceVersion "1"]
[SourceVersionDate "2023.03.31"]
[SourceQuality "1"]
[WhiteTeam "Foment Martinenc"]
[BlackTeam "Valls"]
[WhiteTeamCountry "ESP"]
[BlackTeamCountry "ESP"]

1. e4 c5 2. Nf3 e6 3. g3 Nc6 4. Bg2 Nf6 5. Qe2 e5 6. c3 Be7 7. 0-0 0-0 8. Na3 Re8 9. d3 h6 10. Nc4 Bf8 11. Ne3 d5 12. exd5 Nxd5 13. Nxd5 Qxd5 14. Be3 Bf5 15. Rfd1 Qd7 16. Qf1 Rad8 17. d4 e4 18. Ne5 Nxe5 19. dxe5 Qc6 20. Rxd8 Rxd8 21. a4 Re8 22. Qb5 Qc8 23. Rd1 Rxe5 24. Qa5 a6 25. Rd8 Qc6 26. b4 Re8 27. Bxc5 Bxc5 28. Rxe8+ Qxe8 29. Qxc5 Bd7 30. a5 Bc6 31. h4 Qd7 32. Kh2 Qd2 33. b5 Bxb5 34. Qc8+ Kh7 35. Qf5+ Kg8 36. Qc8+ Kh7 1/2-1/2

[Event "Dublin Irish New Year GM"]
[Site "Dublin"]
[Date "2023.01.07"]
[Round "6"]
[White "Gonzalez Garcia, Jose"]
[Black "Kopylov, Daniel"]
[Result "1/2-1/2"]
[WhiteElo "2458"]
[BlackElo "2336"]
[PlyCount "65"]
[EventDate "2023.01.04"]
[EventType "tourn"]
[EventRounds "9"]
[EventCountry "IRL"]
[EventCategory "6"]
[SourceTitle "CBM 212 Extra"]
[Source "ChessBase"]
[SourceDate "2023.03.31"]
[SourceVersion "1"]
[SourceVersionDate "2023.03.31"]
[SourceQuality "1"]

1. d4 Nf6 2. c4 g6 3. Nc3 d5 4. Nf3 Bg7 5. e3 0-0 6. cxd5 Nxd5 7. Bc4 Nxc3 8. bxc3 c5 9. 0-0 Qc7 10. Qe2 Bg4 11. Rb1 Nd7 12. Ba3 Rac8 13. Bb5 Nf6 14. e4 Rfd8 15. Bxc5 b6 16. Bb4 a5 17. Ba3 Qxc3 18. Bb2 Bxf3 19. gxf3 Qc7 20. Qe3 Nh5 21. Rfc1 Qf4 22. Rxc8 Rxc8 23. Rc1 Rxc1+ 24. Bxc1 Qd6 25. e5 Qd5 26. a4 Bf8 27. Qe4 Qb3 28. Qd3 Qd5 29. Kg2 Ng7 30. Qc4 e6 31. Qc8 Qb3 32. Bh6 Qb4 33. Bxg7 1/2-1/2

[Event "Dublin Irish New Year GM"]
[Site "Dublin"]
[Date "2023.01.05"]
[Round "2"]
[White "Gonzalez Garcia, Jose"]
[Black "Kanyamarala, Tarun"]
[Result "1-0"]
[WhiteElo "2458"]
[BlackElo "2346"]
[PlyCount "135"]
[EventDate "2023.01.04"]
[EventType "tourn"]
[EventRounds "9"]
[EventCountry "IRL"]
[EventCategory "6"]
[SourceTitle "CBM 212 Extra"]
[Source "ChessBase"]
[SourceDate "2023.03.31"]
[SourceVersion "1"]
[SourceVersionDate "2023.03.31"]
[SourceQuality "1"]

1. Nf3 d5 2. d4 Nf6 3. c4 e6 4. Nc3 c5 5. e3 Nc6 6. cxd5 Nxd5 7. Bd3 cxd4 8. exd4 Be7 9. 0-0 0-0 10. Re1 Bf6 11. Be4 Nce7 12. Qd3 g6 13. Bh6 Re8 14. Qd2 Bd7 15. Bxd5 Nxd5 16. Nxd5 exd5 17. Rxe8+ Bxe8 18. Qf4 Bd7 19. Re1 Rc8 20. h4 Bf5 21. Re2 Bg7 22. h5 Bxh6 23. Qxh6 Qf8 24. Qf4 h6 25. hxg6 fxg6 26. Ne5 g5 27. Qe3 Qb4 28. Ng6 Kf7 29. a3 Qb5 30. Ne7 Re8 31. Qf3 Rxe7 32. Qxf5+ Ke8 33. Qc8+ Kf7 34. Qf5+ Ke8 35. Qg6+ Kd7 36. Rxe7+ Kxe7 37. Qxh6 Qxb2 38. Qxg5+ Kd6 39. Qe5+ Kc6 40. Qe6+ Kc7 41. Qe7+ Kc8 42. Qc5+ Kb8 43. Qd6+ Kc8 44. Qc5+ Kb8 45. Qxd5 a6 46. Qd6+ Ka8 47. g4 Qe2 48. Qf8+ Ka7 49. Qf4 Qd3 50. Qg3 Qb1+ 51. Kg2 b5 52. Qc7+ Ka8 53. Qc8+ Ka7 54. Qc7+ Ka8 55. Qc6+ Ka7 56. g5 Qd1 57. Qc7+ Ka8 58. Qc6+ Ka7 59. Qe4 Qc1 60. Qe7+ Ka8 61. Qe8+ Ka7 62. Qe7+ Ka8 63. d5 Qf4 64. Qe3 Qg4+ 65. Qg3 Qe4+ 66. Qf3 Qe5 67. d6+ Kb8 68. Qf8+ 1-0

[Event "Dublin Irish New Year GM"]
[Site "Dublin"]
[Date "2023.01.05"]
[Round "3"]
[White "Turner, Matthew"]
[Black "Gonzalez Garcia, Jose"]
[Result "1/2-1/2"]
[WhiteElo "2451"]
[BlackElo "2458"]
[PlyCount "37"]
[EventDate "2023.01.04"]
[EventType "tourn"]
[EventRounds "9"]
[EventCountry "IRL"]
[EventCategory "6"]
[SourceTitle "CBM 212 Extra"]
[Source "ChessBase"]
[SourceDate "2023.03.31"]
[SourceVersion "1"]
[SourceVersionDate "2023.03.31"]
[SourceQuality "1"]

1. d4 d5 2. c4 dxc4 3. e3 Nf6 4. Bxc4 e6 5. Nf3 c5 6. 0-0 a6 7. dxc5 Bxc5 8. Qxd8+ Kxd8 9. b3 Ke7 10. Bb2 b6 11. Be2 Nbd7 12. Nbd2 Bb7 13. Ne1 Bd6 14. Nd3 Bc5 15. Ne1 Rhd8 16. Nef3 Rh8 17. Ne1 Rhd8 18. Nd3 Bd6 19. Ne1 1/2-1/2

[Event "Catalunya-chT Gp2"]
[Site "Barcelona"]
[Date "2022.03.12"]
[Round "8.2"]
[White "Gonzalez Garcia, Jose"]
[Black "Mendez Camarasa, Fernando"]
[Result "1/2-1/2"]
[WhiteElo "2466"]
[BlackElo "2260"]
[PlyCount "93"]
[EventDate "2022.01.22"]
[EventType "team-tourn"]
[EventRounds "9"]
[EventCountry "ESP"]
[SourceTitle "CBM 208 Extra"]
[Source "ChessBase"]
[SourceDate "2022.07.31"]
[SourceVersion "1"]
[SourceVersionDate "2022.07.31"]
[SourceQuality "1"]
[WhiteTeam "Valls"]
[BlackTeam "Platja D'Aro"]
[WhiteTeamCountry "ESP"]
[BlackTeamCountry "ESP"]

1. d4 Nf6 2. c4 g6 3. Nc3 Bg7 4. e4 d6 5. Nf3 0-0 6. Be2 Qe8 7. 0-0 e5 8. dxe5 dxe5 9. b4 Bg4 10. b5 Bxf3 11. Bxf3 Qe6 12. Ba3 Rc8 13. Nd5 Bf8 14. Qb3 Nbd7 15. Rfd1 c6 16. Nxf6+ Nxf6 17. Bxf8 Kxf8 18. bxc6 Qxc6 19. Qb2 Qc7 20. Rd2 Rd8 21. Rxd8+ Rxd8 22. Qa3+ Kg7 23. Qxa7 Rd4 24. c5 Rc4 25. g3 Nd7 26. Rb1 Nxc5 27. Qb6 Rc1+ 28. Kg2 Qxb6 29. Rxb6 Rc2 30. Rd6 Rxa2 31. Rd5 b6 32. h4 h5 33. Kg1 f6 34. Bg2 Ra7 35. f4 exf4 36. gxf4 Ne6 37. f5 Nf4 38. Rb5 Ra5 39. Rxb6 gxf5 40. exf5 Nxg2 41. Rb7+ Kh6 42. Kxg2 Rxf5 43. Kg3 Kg6 44. Rb8 Ra5 45. Rh8 Ra3+ 46. Kg2 f5 47. Rg8+ 1/2-1/2

[Event "Catalunya-chT Gp2"]
[Site "Barcelona"]
[Date "2022.03.05"]
[Round "7.2"]
[White "Lazaro Pujol, Abel"]
[Black "Gonzalez Garcia, Jose"]
[Result "0-1"]
[WhiteElo "2310"]
[BlackElo "2466"]
[PlyCount "142"]
[EventDate "2022.01.22"]
[EventType "team-tourn"]
[EventRounds "9"]
[EventCountry "ESP"]
[SourceTitle "CBM 208 Extra"]
[Source "ChessBase"]
[SourceDate "2022.07.31"]
[SourceVersion "1"]
[SourceVersionDate "2022.07.31"]
[SourceQuality "1"]
[WhiteTeam "Figueres"]
[BlackTeam "Valls"]
[WhiteTeamCountry "ESP"]
[BlackTeamCountry "ESP"]

1. e4 c5 2. Nf3 d6 3. d4 Nf6 4. Nc3 cxd4 5. Nxd4 Nc6 6. Be2 e5 7. Nf3 h6 8. 0-0 Be7 9. Re1 0-0 10. h3 a6 11. Bf1 Qc7 12. Nd5 Nxd5 13. exd5 Nb8 14. c4 a5 15. b3 Na6 16. a3 Bf5 17. Bb2 Bg6 18. Rc1 Qb6 19. Bc3 Nc5 20. b4 axb4 21. axb4 Ne4 22. Qc2 Nxc3 23. Qxc3 e4 24. Nd4 Rfc8 25. Be2 Bg5 26. Ra1 Rxa1 27. Rxa1 Bf6 28. Rd1 Be5 29. Kh1 Kh8 30. h4 f5 31. h5 Bh7 32. Qd2 f4 33. Kg1 Qd8 34. Ne6 Qh4 35. f3 e3 36. Qe1 Qxh5 37. c5 Bf5 38. Nd4 dxc5 39. bxc5 Bf6 40. Nxf5 Qxf5 41. d6 Qxc5 42. d7 Rd8 43. Rd3 Bd4 44. Qh4 Rxd7 45. Qxf4 Be5 46. Qe4 Qc1+ 47. Bf1 Rxd3 48. Qxd3 Qd2 49. Qc4 Qd4 50. Qc8+ Kh7 51. Qf5+ g6 52. Qf7+ Bg7 53. Be2 b5 54. Qe6 Qa1+ 55. Kh2 Qe5+ 56. Qxe5 Bxe5+ 57. Kg1 b4 58. Bc4 h5 59. Kf1 g5 60. Ke2 Bd4 61. Kd3 Bb6 62. Bf7 h4 63. Bc4 Kg6 64. Bd5 Kf5 65. Bb3 Kf4 66. Ke2 Kg3 67. Bd5 Bc7 68. Kf1 Bf4 69. Bc4 b3 70. Bxb3 e2+ 71. Kxe2 Kxg2 0-1

[Event "Dublin Irish New Year GM"]
[Site "Dublin"]
[Date "2022.01.04"]
[Round "4"]
[White "Fitzsimons, David"]
[Black "Gonzalez Garcia, Jose"]
[Result "1/2-1/2"]
[WhiteElo "2337"]
[BlackElo "2466"]
[PlyCount "61"]
[EventDate "2022.01.02"]
[EventType "tourn"]
[EventRounds "9"]
[EventCountry "IRL"]
[EventCategory "5"]
[SourceTitle "EXT 2023"]
[Source "ChessBase"]
[SourceDate "2022.10.05"]
[SourceVersion "1"]
[SourceVersionDate "2022.10.05"]
[SourceQuality "1"]

1. e4 c5 2. Nf3 e6 3. Nc3 Nc6 4. Bb5 Nd4 5. 0-0 a6 6. Bd3 Nc6 7. b3 d6 8. Bb2 Nf6 9. Re1 Nd7 10. Bf1 Nde5 11. Nxe5 dxe5 12. Ne2 Be7 13. c3 0-0 14. a3 Bd7 15. d4 exd4 16. cxd4 cxd4 17. Nxd4 Bf6 18. Nxc6 Bxc6 19. Qxd8 Rfxd8 20. Bxf6 gxf6 21. f3 Rd2 22. Red1 Rb2 23. Rab1 Rxb1 24. Rxb1 Rd8 25. Rc1 a5 26. b4 axb4 27. axb4 Ba4 28. b5 Rd1 29. Rxd1 Bxd1 30. Kf2 b6 31. Ke3 1/2-1/2

[Event "Dublin Irish New Year GM"]
[Site "Dublin"]
[Date "2022.01.03"]
[Round "2"]
[White "Arkell, Keith C"]
[Black "Gonzalez Garcia, Jose"]
[Result "1/2-1/2"]
[WhiteElo "2370"]
[BlackElo "2466"]
[PlyCount "31"]
[EventDate "2022.01.02"]
[EventType "tourn"]
[EventRounds "9"]
[EventCountry "IRL"]
[EventCategory "5"]
[SourceTitle "EXT 2023"]
[Source "ChessBase"]
[SourceDate "2022.10.05"]
[SourceVersion "1"]
[SourceVersionDate "2022.10.05"]
[SourceQuality "1"]

1. d4 d5 2. Nf3 Nf6 3. c4 e6 4. cxd5 exd5 5. Nc3 c6 6. Qc2 Be7 7. Bg5 g6 8. Bxf6 Bxf6 9. e3 0-0 10. h3 Be6 11. Bd3 Nd7 12. 0-0 a5 13. Ne2 Qe7 14. Nf4 Rfc8 15. Nxe6 Qxe6 16. Rad1 1/2-1/2

[Event "Dublin Irish New Year GM"]
[Site "Dublin"]
[Date "2022.01.03"]
[Round "3"]
[White "Gonzalez Garcia, Jose"]
[Black "Cafolla, Peter"]
[Result "1-0"]
[WhiteElo "2466"]
[BlackElo "1976"]
[PlyCount "67"]
[EventDate "2022.01.02"]
[EventType "tourn"]
[EventRounds "9"]
[EventCountry "IRL"]
[EventCategory "5"]
[SourceTitle "EXT 2023"]
[Source "ChessBase"]
[SourceDate "2022.10.05"]
[SourceVersion "1"]
[SourceVersionDate "2022.10.05"]
[SourceQuality "1"]

1. Nf3 d5 2. e3 e6 3. c4 c5 4. cxd5 exd5 5. Bb5+ Bd7 6. Bxd7+ Qxd7 7. 0-0 Nc6 8. b3 Nf6 9. Bb2 Be7 10. d4 0-0 11. dxc5 Ne4 12. Nc3 Nxc3 13. Bxc3 Bxc5 14. Qc2 Qe7 15. Rad1 Rad8 16. Qb2 Ba3 17. Qa1 f5 18. Rfe1 Bb4 19. Bxb4 Qxb4 20. Nd4 Qe7 21. Rd2 Rd6 22. Ne2 Qf7 23. Qc3 Rfd8 24. Red1 a6 25. Qc5 Qd7 26. h3 Qf7 27. Nf4 Ne7 28. Qc7 R6d7 29. Qb6 Nc6 30. Nd3 d4 31. Nc5 Rd5 32. exd4 Nxd4 33. Rxd4 Rxd4 34. Qxd8+ 1-0

[Event "Dublin Irish New Year GM"]
[Site "Dublin"]
[Date "2022.01.02"]
[Round "1"]
[White "Murphy, Conor"]
[Black "Gonzalez Garcia, Jose"]
[Result "1/2-1/2"]
[WhiteElo "2431"]
[BlackElo "2466"]
[PlyCount "93"]
[EventDate "2022.01.02"]
[EventType "tourn"]
[EventRounds "9"]
[EventCountry "IRL"]
[EventCategory "5"]
[SourceTitle "EXT 2023"]
[Source "ChessBase"]
[SourceDate "2022.10.05"]
[SourceVersion "1"]
[SourceVersionDate "2022.10.05"]
[SourceQuality "1"]

1. e4 e6 2. d4 d5 3. Nd2 c5 4. Ngf3 Nf6 5. exd5 exd5 6. Bb5+ Bd7 7. Bxd7+ Nbxd7 8. 0-0 Be7 9. dxc5 Nxc5 10. Re1 0-0 11. Nf1 Re8 12. Be3 a6 13. c3 Qc7 14. Bd4 Nce4 15. Ne3 Rad8 16. Qc2 g6 17. Re2 Bc5 18. Bxc5 Qxc5 19. Nd4 Re7 20. f3 Nd6 21. Ng4 Nde8 22. Nf2 Nc7 23. Nd3 Qd6 24. Rxe7 Qxe7 25. Re1 Qd6 26. Qb3 b6 27. Qb4 a5 28. Qxd6 Rxd6 29. Nf4 Kf8 30. g4 Nd7 31. Kf2 Nc5 32. Rd1 N7e6 33. Nb5 Rd7 34. Ne2 Ke7 35. h4 f6 36. Kg3 Kf7 37. Rd2 Rd8 38. Ned4 Rd7 39. Nc2 f5 40. gxf5 gxf5 41. Ncd4 Kf6 42. Nxe6 Nxe6 43. Kf2 Ke5 44. Re2+ Kf6 45. Rd2 Ke5 46. Re2+ Kf6 47. Rd2 1/2-1/2

[Event "Charlotte op"]
[Site "Charlotte"]
[Date "2021.12.30"]
[Round "9"]
[White "Chandra, Akshat"]
[Black "Gonzalez Garcia, Jose"]
[Result "1-0"]
[WhiteElo "2484"]
[BlackElo "2483"]
[PlyCount "97"]
[EventDate "2021.12.26"]
[EventType "swiss"]
[EventRounds "9"]
[EventCountry "USA"]
[SourceTitle "CBM 205 Extra"]
[Source "ChessBase"]
[SourceDate "2022.01.31"]
[SourceVersion "1"]
[SourceVersionDate "2022.01.31"]
[SourceQuality "1"]

1. e4 c5 2. Nf3 e6 3. d4 cxd4 4. Nxd4 Nf6 5. Nc3 Nc6 6. Ndb5 Bb4 7. a3 Bxc3+ 8. Nxc3 d5 9. Bd3 dxe4 10. Nxe4 Nxe4 11. Bxe4 Qxd1+ 12. Kxd1 Bd7 13. Be3 f5 14. Bd3 0-0-0 15. Kc1 e5 16. f3 Kb8 17. b3 f4 18. Bd2 Be8 19. Be4 Bg6 20. Bxc6 bxc6 21. Re1 Rhe8 22. Re2 Kb7 23. Kb2 e4 24. fxe4 Bh5 25. Rf2 Rxe4 26. Bxf4 Rf8 27. Raf1 Be2 28. Re1 Bd3 29. Rd1 Rexf4 30. Rxf4 Rxf4 31. Rxd3 Kb6 32. Rd7 Rg4 33. g3 h5 34. Kc3 a5 35. Kd3 Rg5 36. Rd4 Rf5 37. Rf4 Rd5+ 38. Ke3 g5 39. Rf6 Re5+ 40. Kd3 Rd5+ 41. Kc3 g4 42. b4 axb4+ 43. axb4 Kc7 44. Rh6 Kb7 45. Kb3 Rf5 46. c4 c5 47. bxc5 Rxc5 48. Kb4 Re5 49. c5 1-0

[Event "Charlotte op"]
[Site "Charlotte"]
[Date "2021.12.27"]
[Round "2"]
[White "Gonzalez Garcia, Jose"]
[Black "Antova, Gabriela"]
[Result "1/2-1/2"]
[WhiteElo "2483"]
[BlackElo "2288"]
[PlyCount "105"]
[EventDate "2021.12.26"]
[EventType "swiss"]
[EventRounds "9"]
[EventCountry "USA"]
[SourceTitle "CBM 205 Extra"]
[Source "ChessBase"]
[SourceDate "2022.01.31"]
[SourceVersion "1"]
[SourceVersionDate "2022.01.31"]
[SourceQuality "1"]

1. d4 d5 2. c4 dxc4 3. Nf3 Nf6 4. e3 e6 5. Bxc4 c5 6. 0-0 a6 7. Nc3 b5 8. Be2 Bb7 9. dxc5 Bxc5 10. Qxd8+ Kxd8 11. Nd2 Nbd7 12. Nb3 Bb6 13. a4 b4 14. a5 Bc7 15. Na4 Bd5 16. Nbc5 Bxa5 17. Bd2 Ne4 18. Nxe4 Bxe4 19. b3 Bd5 20. Nb2 Bc7 21. Rxa6 Rxa6 22. Bxa6 Bd6 23. Bc4 Nb6 24. Bxd5 Nxd5 25. Ra1 Ke7 26. Ra7+ Kf6 27. Nc4 Bc5 28. Ra5 Rc8 29. Kf1 h5 30. Ke2 g5 31. f3 g4 32. e4 Nc3+ 33. Bxc3+ bxc3 34. Kd3 e5 35. Ra6+ Kg7 36. Kxc3 Bd4+ 37. Kd3 gxf3 38. gxf3 Rb8 39. Kc2 Rc8 40. h3 h4 41. Kd3 Rb8 42. Na5 Bf2 43. Kc4 Rd8 44. Nc6 Rd1 45. Nxe5 Bg3 46. Nc6 Rh1 47. Nd4 Rxh3 48. Nf5+ Kg8 49. Ra8+ Kh7 50. Rf8 Kg6 51. Rg8+ Kf6 52. Kd5 Bf2 53. Rg4 1/2-1/2

[Event "Charlotte CCCSA Holiday IM"]
[Site "Charlotte"]
[Date "2021.12.22"]
[Round "7"]
[White "Antova, Gabriela"]
[Black "Gonzalez Garcia, Jose"]
[Result "0-1"]
[WhiteElo "2288"]
[BlackElo "2483"]
[PlyCount "86"]
[EventDate "2021.12.19"]
[EventType "tourn"]
[EventRounds "9"]
[EventCountry "USA"]
[SourceTitle "CBM 205 Extra"]
[Source "ChessBase"]
[SourceDate "2022.01.31"]
[SourceVersion "1"]
[SourceVersionDate "2022.01.31"]
[SourceQuality "1"]

1. d4 Nf6 2. c4 e6 3. Nf3 d5 4. Nc3 Nbd7 5. Bf4 dxc4 6. e3 Nb6 7. Nd2 Bb4 8. Nxc4 Nfd5 9. Rc1 Nxf4 10. exf4 0-0 11. a3 Bxc3+ 12. bxc3 Nxc4 13. Bxc4 Qd6 14. Qb3 Qxf4 15. 0-0 b6 16. Rce1 Bb7 17. Re3 c5 18. d5 exd5 19. Bxd5 Bxd5 20. Qxd5 Rad8 21. Qb7 Qa4 22. Re7 Rd1 23. g3 Rxf1+ 24. Kxf1 Qxa3 25. Qxa7 Qxa7 26. Rxa7 Rb8 27. Rc7 g6 28. h4 h5 29. Ke2 Ra8 30. Rc6 Ra2+ 31. Ke3 Rb2 32. c4 Kf8 33. f3 Ke7 34. Ke4 Kd7 35. Rf6 Ke7 36. Rc6 Re2+ 37. Kf4 Re6 38. Rc7+ Kf6 39. Rd7 Kg7 40. Rb7 Rd6 41. Ke5 Rd3 42. Ke4 Rb3 43. Rc7 Rc3 0-1

[Event "Catalunya-chT Gp1"]
[Site "Barcelona"]
[Date "2020.02.29"]
[Round "7.2"]
[White "Gonzalez Garcia, Jose"]
[Black "Rios, Cristhian Camilo"]
[Result "1/2-1/2"]
[WhiteElo "2494"]
[BlackElo "2498"]
[PlyCount "57"]
[EventDate "2020.01.18"]
[EventType "team-tourn"]
[EventRounds "7"]
[EventCountry "ESP"]
[SourceTitle "CBM 195 Extra"]
[Source "ChessBase"]
[SourceDate "2020.05.31"]
[SourceVersion "1"]
[SourceVersionDate "2020.05.31"]
[SourceQuality "1"]
[WhiteTeam "Colon Sabadell"]
[BlackTeam "Mollet"]
[WhiteTeamCountry "ESP"]
[BlackTeamCountry "ESP"]

1. d4 d5 2. c4 e6 3. Nf3 Nf6 4. Nc3 Bb4 5. Bg5 h6 6. Bxf6 Qxf6 7. e3 0-0 8. Rc1 dxc4 9. Bxc4 c5 10. Qb3 cxd4 11. Qxb4 Nc6 12. Ne4 Nxb4 13. Nxf6+ gxf6 14. Nxd4 e5 15. Nc2 Nxc2+ 16. Rxc2 Bf5 17. Rc3 Rfd8 18. Ke2 Rac8 19. Rhc1 Rc6 20. Bb3 Be4 21. f3 Rxc3 22. Rxc3 Bc6 23. Bc2 Kf8 24. Bf5 Rd6 25. g4 Bb5+ 26. Ke1 Bc6 27. Ke2 Bb5+ 28. Bd3 Bc6 29. Bf5 1/2-1/2

[Event "Sabadell Diada blitz op 16th"]
[Site "Sabadell"]
[Date "2019.09.11"]
[Round "9"]
[White "Gonzalez Garcia, Jose"]
[Black "Martinez Romero, Martin"]
[Result "1-0"]
[WhiteElo "2496"]
[BlackElo "2424"]
[PlyCount "87"]
[EventDate "2019.09.11"]
[EventType "swiss (blitz)"]
[EventRounds "9"]
[EventCountry "ESP"]
[SourceTitle "EXT 2020"]
[Source "ChessBase"]
[SourceDate "2019.10.17"]
[SourceVersion "1"]
[SourceVersionDate "2019.10.17"]
[SourceQuality "1"]

1. d4 Nf6 2. c4 e6 3. Nc3 c5 4. d5 exd5 5. cxd5 d6 6. e4 g6 7. f4 Bg7 8. Bd3 Nfd7 9. Nf3 0-0 10. 0-0 Na6 11. a4 Nc7 12. Re1 Rb8 13. Be3 Re8 14. Bf2 a6 15. e5 b5 16. Bh4 dxe5 17. d6 Bf6 18. Bxf6 Ne6 19. fxe5 Qxf6 20. Nd5 Qf4 21. axb5 Qh6 22. Ra2 axb5 23. Ra7 Kh8 24. Ne7 Nef8 25. Be4 Qg7 26. Bc6 Rd8 27. Bd5 Nb6 28. Nc6 Rb7 29. Rxb7 Bxb7 30. Nxd8 Bxd5 31. Ng5 h6 32. b4 cxb4 33. Qd4 Nfd7 34. Ngxf7+ Kh7 35. Rf1 b3 36. Qf2 Bc4 37. Re1 b2 38. Qxb2 Nf8 39. Qf2 Bxf7 40. Qxf7 Qxf7 41. Nxf7 Ne6 42. Rb1 Nd4 43. d7 Nxd7 44. Rd1 1-0

[Event "Catalunya-ch"]
[Site "Vila Seca"]
[Date "2019.04.21"]
[Round "7"]
[White "Gonzalez Garcia, Jose"]
[Black "Perez Mitjans, Orelvis"]
[Result "1/2-1/2"]
[WhiteElo "2492"]
[BlackElo "2377"]
[PlyCount "99"]
[EventDate "2019.04.18"]
[EventType "swiss"]
[EventRounds "8"]
[EventCountry "ESP"]
[SourceTitle "CBM 189 Extra"]
[Source "ChessBase"]
[SourceDate "2019.06.03"]
[SourceVersion "1"]
[SourceVersionDate "2019.06.03"]
[SourceQuality "1"]

1. d4 Nf6 2. c4 g6 3. g3 Bg7 4. Bg2 0-0 5. Nc3 d6 6. Nf3 Nc6 7. 0-0 Bg4 8. d5 Na5 9. Nd2 c5 10. Qc2 a6 11. b3 b5 12. h3 Bd7 13. Bb2 bxc4 14. bxc4 Rb8 15. Rab1 e5 16. dxe6 fxe6 17. Nce4 Rxb2 18. Rxb2 Nxe4 19. Nxe4 Bxb2 20. Qxb2 Bc6 21. Qc3 Nb7 22. Rd1 Qe7 23. Qb2 Bxe4 24. Bxe4 Nd8 25. Qb6 Qf6 26. Bf3 Nf7 27. Qxa6 h5 28. Rxd6 Nxd6 29. Qxd6 h4 30. g4 Rd8 31. Qxc5 Rd1+ 32. Kg2 Qa1 33. Qe7 Rh1 34. Qxe6+ Kf8 35. Qd6+ Kg7 36. Qe7+ Kh8 37. Qxh4+ Kg7 38. Qe7+ Kh8 39. Kg3 Qg1+ 40. Bg2 Qh2+ 41. Kf3 Rc1 42. Qe3 Rg1 43. Qh6+ Kg8 44. Qxg6+ Kf8 45. Qh6+ Ke8 46. Qh5+ Kf8 47. Qh8+ Kf7 48. Qh7+ Kf8 49. Qf5+ Ke8 50. Qh5+ 1/2-1/2

[Event "Catalunya-ch"]
[Site "Vila Seca"]
[Date "2019.04.19"]
[Round "2"]
[White "Del Amo Carbo, Jordi"]
[Black "Gonzalez Garcia, Jose"]
[Result "0-1"]
[WhiteElo "2175"]
[BlackElo "2492"]
[PlyCount "140"]
[EventDate "2019.04.18"]
[EventType "swiss"]
[EventRounds "8"]
[EventCountry "ESP"]
[SourceTitle "CBM 189 Extra"]
[Source "ChessBase"]
[SourceDate "2019.06.03"]
[SourceVersion "1"]
[SourceVersionDate "2019.06.03"]
[SourceQuality "1"]

1. Nf3 d5 2. g3 c6 3. Bg2 Bg4 4. d4 Nf6 5. 0-0 e6 6. b3 Nbd7 7. Bb2 Bd6 8. Nbd2 0-0 9. Ne5 Bh5 10. Ndf3 Ne4 11. Nxd7 Qxd7 12. Ne5 Qe7 13. Qd3 f6 14. Nf3 a5 15. c4 a4 16. c5 Bc7 17. Nd2 a3 18. Bc1 Nxd2 19. Bxd2 e5 20. Rae1 Bg6 21. Qc3 Rfe8 22. f4 exd4 23. Qxd4 Be4 24. e3 Qd7 25. Bc3 Bxg2 26. Kxg2 Re4 27. Qd2 h5 28. h3 b6 29. cxb6 Bxb6 30. Qd1 h4 31. Bd4 c5 32. Ba1 Rae8 33. Qc1 d4 34. Rf3 Qd5 35. Kf2 Rxe3 36. Rexe3 dxe3+ 37. Ke2 Rd8 38. Qc4 Qxc4+ 39. bxc4 Rd2+ 40. Kxe3 Rxa2 41. Bc3 Rh2 42. gxh4 a2 43. Rf1 Bc7 44. Ke4 Rxh3 45. Ba1 Rxh4 46. Rf2 Bxf4 47. Rxa2 Bd6+ 48. Kd5 Bf8 49. Ra7 Rh1 50. Bb2 Rd1+ 51. Ke6 Rd2 52. Rb7 Re2+ 53. Kd5 Rd2+ 54. Ke6 Rd6+ 55. Kf5 Ra6 56. Ke4 Rd6 57. Rc7 Rd1 58. Bc3 Rc1 59. Kd3 f5 60. Be5 Re1 61. Bf4 Rd1+ 62. Kc3 Ra1 63. Be5 Ra3+ 64. Kd2 g5 65. Rc6 g4 66. Rg6+ Kh7 67. Rf6 Bh6+ 68. Kc2 Rf3 69. Rf7+ Kg6 70. Rc7 Be3 0-1

[Event "Catalunya-chT GpA final"]
[Site "Barcelona"]
[Date "2019.03.30"]
[Round "3.2"]
[White "Gonzalez Garcia, Jose"]
[Black "Alsina Leal, Daniel"]
[Result "1-0"]
[WhiteElo "2492"]
[BlackElo "2470"]
[PlyCount "103"]
[EventDate "2019.03.16"]
[EventType "team-tourn"]
[EventRounds "3"]
[EventCountry "ESP"]
[SourceTitle "CBM 189 Extra"]
[Source "ChessBase"]
[SourceDate "2019.06.03"]
[SourceVersion "1"]
[SourceVersionDate "2019.06.03"]
[SourceQuality "1"]
[WhiteTeam "Colon Sabadell"]
[BlackTeam "Barbera"]
[WhiteTeamCountry "ESP"]
[BlackTeamCountry "ESP"]

1. d4 Nf6 2. Nf3 g6 3. c4 Bg7 4. Nc3 d5 5. cxd5 Nxd5 6. e4 Nxc3 7. bxc3 c5 8. Be3 Qa5 9. Nd2 cxd4 10. Nc4 Qd8 11. cxd4 0-0 12. Rc1 f5 13. Qb3 Kh8 14. Ne5 Bxe5 15. dxe5 Nc6 16. Bb5 f4 17. Bc5 Nd4 18. Qb4 Nxb5 19. Qxb5 b6 20. Ba3 Be6 21. 0-0 Rc8 22. Rxc8 Bxc8 23. Qb3 Qd7 24. Rd1 Qe6 25. Qxe6 Bxe6 26. Bxe7 Rc8 27. h4 Kg7 28. Bg5 Rc2 29. a3 Rc3 30. h5 gxh5 31. Bxf4 Rxa3 32. Rd6 Kf7 33. Bg5 Ra4 34. f4 Rxe4 35. f5 Rxe5 36. fxe6+ Rxe6 37. Rd7+ Kg6 38. Bd2 a6 39. Kf2 b5 40. Kf3 h6 41. Bc3 Rc6 42. Bd4 a5 43. Kf4 h4 44. Rg7+ Kh5 45. Rb7 Ra6 46. Rxb5+ Kg6 47. Rb6+ Rxb6 48. Bxb6 a4 49. Kg4 a3 50. Bd4 a2 51. Bb2 h5+ 52. Kf4 1-0